Language and gender unit 8. /

A tananyag nyelv és társadalmi nem kapcsolatát tárgyalja a szociolingvisztika tudományterületén. Egyik fõ altémája a nemek egyenlõségének kérdése a nyelvhasználat terén, másik fõ altémája a nyelvhasználat különbségei a nõk és férfiak nyelvhasználatában.

Elmentve itt :
Bibliográfiai részletek
Szerző: Fenyvesi Anna
Dokumentumtípus: Vegyes gyűjtemény
Megjelent: 2020-05-31
Kulcsszavak:szociolingvisztika
gender
Tárgyszavak:
Online Access:http://eta.bibl.u-szeged.hu/2926
LEADER 01419npc a2200241 i 4500
001 eta2926
005 20231005145934.0
008 200608s2020 hu o 0|| eng d
040 |a SZTE Elektronikus Tananyag Archívum  |b hun 
041 |a eng 
100 1 |a Fenyvesi Anna 
245 1 0 |a Language and gender   |h [elektronikus dokumentum] :  |b unit 8. /  |c  Fenyvesi Anna 
260 |c 2020-05-31 
520 3 |a A tananyag nyelv és társadalmi nem kapcsolatát tárgyalja a szociolingvisztika tudományterületén. Egyik fõ altémája a nemek egyenlõségének kérdése a nyelvhasználat terén, másik fõ altémája a nyelvhasználat különbségei a nõk és férfiak nyelvhasználatában. 
520 3 |a The chapter addresses the topic of language and gender from a sociolinguistics point of view. One major subtopic is the issue of language equality, and the other is the issue of differences of language use between men and women. 
650 4 |a Bölcsészettudományok 
650 4 |a Nyelvek és irodalom 
650 4 |a Nyelvészet 
650 4 |a Nyelvhasználat: pragmatika, szociolingvisztika, beszédelemzés, idegennyelv-tanulás és tanítás, lexikográfia, terminológia 
695 |a szociolingvisztika 
695 |a gender 
856 4 0 |u https://eta.bibl.u-szeged.hu/2926/1/8%20Language%20and%20gender.pdf  |z Dokumentum-elérés  
856 4 0 |u https://eta.bibl.u-szeged.hu/2926/2/Inclusive_Lg_Guidelines.pdf  |z Dokumentum-elérés